000 00762cam a22002413a 4500
001 6669
003 PGUSA
005 20140828083135.0
008 041001s2004||||xxu|||||s|||||000 | eng d
040 _aPGUSA
_beng
042 _adc
050 4 _aBX
100 1 _aBooth, Catherine Mumford,
_d1829-1890
245 1 0 _aGodliness :
_bbeing reports of a series of addresses delivered at James's Hall, London, W. during 1881
_h[electronic resource] /
_cCatherine Mumford Booth
260 _bProject Gutenberg,
_c2004
506 _aPublic domain in the USA.
516 _aElectronic text
653 _aSalvation Army -- Sermons
653 _aSermons, English
830 0 _aProject Gutenberg
_v6669
856 4 0 _uhttp://www.gutenberg.org/ebooks/6669
942 _cEB
999 _c235989
_d235989